000 01143cam a22003014a 4500
999 _c58531
_d58531
001 12173174
003 ARRUPE
005 20170612093133.0
008 000914s1999 nr b 001 0 eng
010 _a 00695242
020 _a9782048623
040 _aDLC
_cDLC
_dDLC
042 _apcc
043 _af-nr---
050 0 0 _aDT515.45.I33
_bE475 1999
082 0 0 _a966.9/00496332
_222
100 1 _aEkwuru, Emeka George.
_932468
245 1 4 _aThe Pangs of an African culture in travail :
_bUwa Ndi Igbo Yaghara Ayagha (the Igbo world in disarray) /
_cEmeka George Ekwuru.
260 _aAbuja, Nigeria :
_bTotan Publishers,
_c1999.
300 _axviii, 158 p. ;
_c22 cm.
504 _aIncludes bibliographical references (p. 144-146) and index.
650 0 _aIgbo (African people)
_xHistory.
_932262
650 0 _aIgbo (African people)
_xSocial conditions.
_932469
650 0 _aPhilosophy, Igbo.
_932470
650 0 _aRiots
_zNigeria
_zOwerri.
_932471
651 0 _aOwerri (Nigeria)
_xSocial conditions.
_932472
906 _a7
_bcbc
_corignew
_d3
_encip
_f20
_gy-gencatlg
942 _2lcc
_cMONOGRAPH